000 00535nam a2200181Ia 4500
008 100920s9999 xx 000 0 und d
082 _b85694
_a--- न 04
100 _aनाईक गुरुनाथ.
245 _aआव्हान.
260 _bपायल पब्लिकेशन, पुणे.
_c2004
300 _a200
_bसाधी
365 _b170
520 _aकादंबरी.
630 _aआव्हान.
650 _aकादंबरी.
730 _aआव्हान.
942 _cBOOK
999 _c726206
_d726203